Statistics for All Montreal Canadiens players with 200 games and more

Click here to take the quiz!

General Stats

  • This quiz has been taken 401 times
  • The average score is 72 of 169

Answer Stats

No. Games Answer % Correct
1258Richard
96%
961Lafleur
92%
1125Beliveau
92%
981Plekanec
87%
990Markov
86%
792Koivu
85%
1202Robinson
83%
434Subban
81%
626Pacioretty
81%
1160Gainey
79%
390Gallagher
79%
917Savard
77%
519Damphousse
77%
968Cournoyer
76%
402Chelios
75%
912Carbonneau
75%
402Galchenyuk
74%
314Kovalev
74%
871Shutt
74%
654Moore
73%
777Lapointe
73%
890Harvey
70%
853Lemaire
70%
460Morenz
69%
766Geoffrion
68%
569Blake
67%
664Lach
65%
852Tremblay
65%
786Bouchard
65%
267Muller
64%
617Naslund
64%
490Richer
63%
580Mahovlich
62%
505Smith
58%
857Johnson
57%
523Nilan
56%
303Gionta
56%
281Lemieux
54%
216Petry
54%
324Souray
51%
276Ribeiro
50%
380Emelin
50%
346Recchi
49%
634Houle
49%
896Brisebois
49%
1005Provost
49%
655Joliat
49%
692Laperriere
49%
405Desjardins
49%
379Kostitsyn
48%
383Schneider
48%
435Desharnais
48%
606Lambert
48%
662Corson
48%
506Keane
48%
560Jarvis
46%
361Komisarek
46%
464Gorges
46%
224LeClair
45%
494Brunet
45%
250Courtnall
45%
322Zednik
45%
435Eller
45%
432Rucinsky
44%
215Bure
44%
200Bellows
44%
581McPhee
44%
653Rivet
44%
352Daigneault
43%
209Byron
43%
475Skrudland
43%
548Mondou
43%
581Bouillon
43%
268Langway
42%
367Napier
40%
420Odelein
40%
313Lebeau
40%
507Quintal
40%
399Green
40%
604Walter
40%
844Backstrom
40%
341Ryder
39%
508Olmstead
39%
461Savage
39%
225Beaulieu
39%
202Wickenheiser
38%
493Risebrough
38%
228Acton
37%
328Wilson
37%
597Ludwig
37%
365Petrov
37%
534Svoboda
37%
290Pronovost
36%
236Larouche
36%
500Ferguson
36%
224Perreault
36%
266Begin
36%
232Latendresse
36%
281Chartraw
36%
282Higgins
35%
538Mantha
35%
252Dandenault
35%
207Streit
35%
611Roberts
33%
643Rousseau
33%
312Hamrlik
32%
316Engblom
32%
247Gingras
32%
212Juneau
32%
385Stevenson
32%
328Moen
32%
293Lapierre
31%
303Popovic
31%
801Talbot
31%
292Bulis
31%
353Reardon
30%
283Malakhov
30%
245Tardif
30%
305Duff
29%
530Larose
27%
236Gilchrist
27%
214Kilger
26%
277Poulin
26%
406Gagnon
26%
526Lepine
25%
628Mosdell
25%
200Lefebvre
25%
288Dykhuis
24%
375Goyette
23%
407Harris
23%
203Weinrich
21%
221Redmond
20%
236Lamoureux
20%
382St.Laurent
20%
475Reay
19%
601Curry
19%
554Harper
18%
341Leduc
18%
222Thornton
17%
271O'Connor
17%
405Larochelle
17%
212Dackell
15%
453Harmon
15%
585Marshall
15%
323Chamberlain
15%
305Burke
15%
339Turner
14%
210Carson
12%
318Hicke
12%
269Getliffe
11%
204Gravelle
10%
220Haynes
10%
280Bonin
10%
226Balon
10%
212Meger
10%
228Buswell
10%
224Goupille
8%
231MacKay
7%
206Dussault
7%
327Fillion
7%
259MacPherson
6%

Score Distribution

Percentile by Number Answered

Percent of People with Each Score

Your Score History

You have not taken this quiz